Представление документа в формате MARC21

Поле Инд. ПП Название Значение
Тип записи a
Библиографический уровень m
001 Контрольный номер RU/IS/BASE/368267555
005 Дата корректировки 20180409143442.7
040 a Служба первич. каталог. НБ ТвГУ
b Код языка каталог. rus
e Правила каталог. PSBO
041 0_ a Код языка текста rus
080 a Индекс УДК 1:334.722:364(043.3)
084 a Индекс другой классификации/Индекс ББК С02я031
084 a Индекс другой классификации/Индекс ББК С561.22я031
084 a Индекс другой классификации/Индекс ББК У290.2я031
090 a Полочн. индекс С02
x Авторский знак Х 30
100 1_ a Автор Хваловская Наталья Олеговна
q Полное имя Хваловская Н. О.
245 10 a Заглавие Этос бизнеса и проблема социальной ответственности
b Продолж. заглавия автореф. дис. ... к.филос.н. : 09.00.11
c Ответственность Твер. гос. техн. ун-т, Каф. психологии и философии
260 a Место издания Тверь
b Издательство Пирамида XXI
c Дата издания 2011
300 a Объем 18 с.
500 a Примечание На правах рукоп.
504 a Библиография Библиогр. в конце кн. (7 назв.)
653 a Ключевые слова Авторефераты
a Ключевые слова Бизнес
a Ключевые слова Бизнес и общество
a Ключевые слова Предпринимательство
a Ключевые слова Социальная ответственность
a Ключевые слова Социальная философия
a Ключевые слова Социальное партнерство
a Ключевые слова Социология предпринимательства
a Ключевые слова Философия
a Ключевые слова Экономическая социология
856 u URL http://eprints.tversu.ru/1719/
x Примечание для ЭОР Реестр суммарного учета сетевых локальных документов
901 t Тип документа m
920 a Оператор Густ
930 a Новая/Ретро авторефераты
952 c Вид литературы А/Р н
954 a Дата поступления на обработку 20110913